Normal view
MARC view
- Upper class families
Entry Topical Term
001 - CONTROL NUMBER
- control field: 49925
003 - CONTROL NUMBER IDENTIFIER
- control field: NUST
005 - DATE AND TIME OF LATEST TRANSACTION
- control field: 20210314134459.0
008 - FIXED-LENGTH DATA ELEMENTS
- fixed length control field: 210314|| aca||aabn | a|a d
040 ## - CATALOGING SOURCE
- Original cataloging agency: NUST
- Transcribing agency: NUST
150 ## - HEADING--TOPICAL TERM
- Topical term or geographic name entry element: Upper class families
670 ## - SOURCE DATA FOUND
- Source citation: Work cat.: (NUST): Marquand, John P. 49923, The late George Apley,, 1937.
